000 00474cam a2200181ua 4500
020 _c1.50
041 _amal
_h
082 _a894.812 308
_bNIL/AM
100 _aNilakanta Pillai, Karoor .
245 _aAmbalapparambil /
_cKaroor Nilakanta Pillai.
_hTextual Documents
250 _a1 /
_b.
260 _aKottayam :
_bSahitya Pravarthaka Co-operative Society ,
_c1962.
300 _a144 ; .
365 _a1.50
504 _a
942 _cBK
999 _c3944
_d3944